000 00996cam a2200325 4500
001 855542
003 ARRUPE
005 20150225133520.0
008 900823c19721969nyuab b 001 0 eng d
010 _a 79088754
020 _a039471699X
035 _a(OCoLC)507702571
035 _a(OCoLC)ocn507702571
035 _a(CStRLIN)NYCG90-B52719
035 _a(NNC)855542
040 _aPU
_cPU
_dNNC
050 _aE99.S3W3 1972
090 _aE99.S3
_bW3 1972
100 1 _aWallace, Anthony F. C.,
_d1923-
_915539
245 1 4 _aThe death and rebirth of the Seneca,
_c[by] Anthony F. C. Wallace, with the assistance of Sheila C. Steen.
260 _aNew York,
_bVintage Books
_c1972,
300 _axi, 384, xi p.
_billus.
_c25 cm.
500 _aIncludes index.
504 _aBibliography: p. 369-384.
600 0 0 _aHandsome Lake,
_d1735-1815.
_915540
650 0 _aSeneca Indians.
_915541
700 1 _aSteen, Sheila C.,
_eauthor.
_915542
942 _2lcc
_cMONOGRAPH
999 _c122195
_d122195